MARC

LEADER 00000nas a2200000 a 4500
001 ssj0000224
003 WaSeSS
005 20200512172242.0
006 m d
007 cr n
008 000629c19729999nyubr pss 0 a0eng c
010 |a  2002238405 
016 7 |a 2007029-9  |2 DE-600 
016 7 |a 014053689  |2 Uk 
022 |a 1936-4725  |l 0147-2011  |y 0147-2011 
035 |a (WaSeSS)ssj0000224 
037 |b Springer New York LLC, 233 Spring St. NY, NY 10012-1578 
040 |a RCE  |b eng  |e pn  |c RCE  |d OCL  |d OCLCQ  |d IUL  |d OCLCQ  |d OCL  |d OCLCS  |d NSD  |d AZU  |d GUA  |d CFI  |d OCLCQ  |d BUF  |d OCLCO  |d OCLCF  |d OCLCO  |d OCLCQ  |d AU@  |d VT2  |d DEFHM  |d OCLCO  |d TSC  |d WT2  |d OCLCQ  |d OCLCE  |d XFH  |d FLARE  |d FJM  |d UUM  |d WYU  |d UAB  |d UKMGB  |d OCLCA  |d LEAUB  |d U3W  |d NJT  |d OCLCA  |d DLC  |d OCLCQ  |d WaSeSS 
042 |a pcc  |a nsdp  |a dlr 
043 |a n-us--- 
050 0 0 |a HN51 
060 0 |a W1 SO85 
082 1 0 |a 309  |2 14 
222 0 |a Society  |b (New Brunswick, N.J. : Online) 
245 0 0 |a Society  |h [electronic resource]. 
260 |a [Piscataway, N.J.] :  |b Transaction Publishers,  |c ©1972- 
260 3 |3 <Sept. 2007-> :  |a [New York] :  |b Springer-Verlag 
310 |a Bimonthly 
362 0 |a Vol. 9, no. 4 (Feb. 1972)- 
506 |a License restrictions may limit access. 
538 |a Master and use copy. Digital master created according to Benchmark for Faithful Digital Reproductions of Monographs and Serials, Version 1. Digital Library Federation, December 2002.  |u http://purl.oclc.org/DLF/benchrepro0212  |5 MiAaHDL 
583 1 |a digitized  |c 2010  |h HathiTrust Digital Library  |l committed to preserve  |2 pda  |5 MiAaHDL 
588 0 |a Vol. 9, no. 4 (Feb. 1972); title from title screen (publisher's Web site, viewed Jan. 15, 2008). 
588 1 |a Vol. 56, no. 5 (Oct. 2019) (SpringerLink website, viewed Nov. 18, 2019). 
648 7 |a Since 1945  |2 fast 
650 0 |a Social sciences  |v Periodicals. 
650 6 |a Sciences sociales  |v Périodiques. 
650 7 |a Social Sciences & Humanities (General)  |2 ebps 
650 7 |a Social conditions.  |2 fast  |0 (OCoLC)fst01919811 
650 7 |a Social sciences.  |2 fast  |0 (OCoLC)fst01122877 
650 7 |a Öffentliche Ordnung  |2 gnd 
650 7 |a Gesellschaft  |2 gnd 
650 1 7 |a Sociale wetenschappen.  |2 gtt 
650 1 7 |a Maatschappijkritiek.  |2 gtt 
651 0 |a United States  |x Social conditions  |y 1945-  |v Periodicals. 
651 6 |a États-Unis  |x Conditions sociales  |y 1945-  |v Périodiques. 
651 7 |a United States.  |2 fast  |0 (OCoLC)fst01204155 
655 0 |a Electronic journals. 
776 0 8 |i Print version:  |t Society  |x 0147-2011  |w (DLC) 72625393  |w (OCoLC)2162353 
780 0 0 |t Trans-action 
850 |a DLC 
853 2 0 |8 1  |a v.  |b no.  |u 6  |v r  |i (year)  |j (month/month)  |w b  |x 11/12  |y pm11/12,01/02,03/04,05/06,07/08,09/10 
856 4 0 |z Full text available from Research Library: 01/01/1997 to 1 year ago  |u https://search.proquest.com/publication/2823 
863 4 1 |8 1.1  |a 36  |b 1  |i 1998  |j 11/12